• 首页
  • 本馆介绍
  • 公告通知
  • 最新文献
  • 馆藏检索
  • 电子资源
  • 读者导购
  • 参考咨询
  • 我的图书馆
  • 登录
  • 详细信息显示
  • 放入我的书架
  • 预约/预借图书
  • 作者相关作品
  • 分类相关作品
  • 丛书相关作品
  • 出版社相关作品

书目信息

  • 表格格式
  • 工作单格式
  • 卡片格式
题名:
金属材料与热处理
    
 
作者: 刘德力
分册:  
出版信息: 北京   科学出版社  2009
页数: 230页
开本: 26cm
丛书名:
单 册:
中图分类: TG14
科图分类:
主题词: 金属材料
电子资源:
ISBN: 978-7-03-024234-1
000 00566nam0 2200205 450
001 872
005 20160912084245.60
010    @a978-7-03-024234-1@b平装@dCNY26.00
100    @a20160724d2009 km y0chiy0120 ea
101 0  @achi
102    @aCN@b110000
200 1  @a金属材料与热处理@Ajin shu cai liao yu re chu li@f刘德力@Fliu de li
210    @a北京@c科学出版社@d2009
215    @a230页@d26cm
330    @a金属材料·教材
606 0  @a金属材料
690    @aTG14@v4
701  0 @a刘德力@Aliu de li
801  0 @aCN@b唐山师范学院图书馆@c20160724
905    @aZUCC@dTG14@e55
    
    金属材料与热处理/刘德力.-北京:科学出版社,2009
    230页;26cm
    
    
    ISBN 978-7-03-024234-1(平装):CNY26.00
    金属材料·教材
●
相关链接 在E读中查询图书 在五车中查询图书 在当当中查询图书 在豆瓣中查询图书


正题名:金属材料与热处理     索取号:TG14/55         预约/预借

序号 登录号 条形码 馆藏地/架位号 状态 备注
1 903803   209038030   第二样本阅览室/ [索取号:TG14/55] 在馆    
2 903804   209038049   第三借阅区/ [索取号:TG14/55] 在馆    
3 903805   209038058   第三借阅区/ [索取号:TG14/55] 在馆    
4 903806   209038067   第三借阅区/ [索取号:TG14/55] 在馆    
5 903807   209038076   第三借阅区/ [索取号:TG14/55] 在馆    
唐山师范学院图书馆 欢迎您!
大连网信软件有限公司© 版权所有